| 000 | 00548nam a22001937i 4500 | ||
|---|---|---|---|
| 999 |
_c23338 _d23338 |
||
| 003 | AR-CdUCM | ||
| 008 | 250724b20192019 pe||||| |||| 00| 0 spa d | ||
| 020 | _a978-84-9794-470-0 | ||
| 040 |
_aMUNICIPALIDAD PROVINCIAL DEL CUSCO _cBIBLIOTECA MUNICIPAL DEL CUSCO |
||
| 041 | _hspa | ||
| 082 |
_a808.8 / P66 _bP66 |
||
| 100 |
_aPlatón _917519 |
||
| 245 | _aLa Republica / | ||
| 260 |
_aEspaña : _bEDIMAT LIBROS S.A. _c2019 |
||
| 300 |
_a429 páginas. : _c22x14 cm. |
||
| 856 | _awww.edimat.es | ||
| 942 |
_2ddc _cLIBROS |
||
| 945 |
_apbjr _d24-07-2025 |
||